| 000 | 00749nam a22001817a 4500 | ||
|---|---|---|---|
| 005 | 20241001135757.0 | ||
| 010 | _aHIN-128509 | ||
| 020 |
_a9789359203720 _c250.00 |
||
| 035 | _aHN-100855 | ||
| 037 | _bDBAD | ||
| 082 | _aउ | ||
| 100 |
_aभारती, राकेश शंकर _972259 |
||
| 245 |
_aकिरचे / _cराकेश शंकर भारती |
||
| 260 |
_aनई दिल्ली _bडायमंड पॉकेट बुक्स _c2023 |
||
| 270 |
_aX-30, ओखला इंडस्ट्रियल एरिया, फेज-2 _bनई दिल्ली _e110020 _k011-40712200 _msales@dpb.in |
||
| 300 |
_a192 पृ. _c22 सेमी (अजिल्द) |
||
| 942 |
_cHN _2ddc _hउ _mभारती |
||
| 999 |
_c206048 _d206048 |
||